Globalizing feminist bioethics (Registro nro. 12177)
[ vista simple ]
| 000 -CABECERA | |
|---|---|
| Longitud fija campo de control | 01305nam a2200397 c 4500 |
| 001 - NÚMERO DE CONTROL | |
| Número de control | 12177 |
| 003 - IDENTIFICADOR DE NÚMERO DE CONTROL | |
| Identificador del número de control | ES-MaCES |
| 005 - FECHA Y HORA DE LA ÚLTIMA TRANSACCIÓN | |
| Fecha y hora de la última transacción | 20141221122156.0 |
| 008 - CAMPO FIJO DE DESCRIPCIÓN FIJA--INFORMACIÓN GENERAL | |
| Códigos de información de longitud fija | 010606s2001 xxu t 000 | eng d |
| 020 ## - ISBN (INTERNATIONAL STANDARD BOOK NUMBER) | |
| Número Internacional Normalizado para Libros (ISBN) | 0813366151 |
| 035 ## - NÚMERO DE CONTROL DEL SISTEMA | |
| Número de control del sistema | CES20010007388m |
| 040 ## - FUENTE DE CATALOGACIÓN | |
| Centro catalogador de origen | ES-MaCES |
| Lengua de catalogación | spa |
| Centro transcriptor | ES-MaCES |
| 245 00 - MENCIÓN DE TÍTULO | |
| Título | Globalizing feminist bioethics |
| Resto del título | : crosscultural perspectives |
| Mención de responsabilidad, etc. | [edited by] Rosemarie Tong ; with Gwen Anderson, Aida Santos |
| 260 ## - PUBLICACIÓN, DISTRIBUCIÓN, ETC (PIE DE IMPRENTA) | |
| Lugar de publicación, distribución, etc. | Colorado (USA) |
| -- | Oxford (UK) |
| Nombre del editor, distribuidor, etc. | Westview Press |
| Fecha de publicación, distribución, etc. | [2001] |
| 300 ## - DESCRIPCIÓN FÍSICA | |
| Extensión | VII, [5], 368 p. |
| Dimensiones | 23 cm |
| 500 ## - NOTA GENERAL | |
| Nota general | Índices |
| 541 ## - NOTA DE LA FUENTE INMEDIANTE DE ADQUISICIÓN | |
| Forma de adquisición | Compra |
| 650 #4 - ASIENTO SECUNDARIO DE MATERIA--TÉRMINO DE MATERIA | |
| Término de materia o nombre geográfico como elemento inicial | mujeres |
| 9 (RLIN) | 28657 |
| 650 #4 - ASIENTO SECUNDARIO DE MATERIA--TÉRMINO DE MATERIA | |
| Término de materia o nombre geográfico como elemento inicial | feminismo |
| 9 (RLIN) | 31029 |
| 650 #4 - ASIENTO SECUNDARIO DE MATERIA--TÉRMINO DE MATERIA | |
| Término de materia o nombre geográfico como elemento inicial | reproducción |
| 9 (RLIN) | 28650 |
| 650 #4 - ASIENTO SECUNDARIO DE MATERIA--TÉRMINO DE MATERIA | |
| Término de materia o nombre geográfico como elemento inicial | fecundidad |
| 9 (RLIN) | 28504 |
| 650 #4 - ASIENTO SECUNDARIO DE MATERIA--TÉRMINO DE MATERIA | |
| Término de materia o nombre geográfico como elemento inicial | genética |
| 9 (RLIN) | 28646 |
| 650 #4 - ASIENTO SECUNDARIO DE MATERIA--TÉRMINO DE MATERIA | |
| Término de materia o nombre geográfico como elemento inicial | estado de salud |
| 9 (RLIN) | 30671 |
| 650 #4 - ASIENTO SECUNDARIO DE MATERIA--TÉRMINO DE MATERIA | |
| Término de materia o nombre geográfico como elemento inicial | asistencia médica |
| 9 (RLIN) | 30272 |
| 650 #4 - ASIENTO SECUNDARIO DE MATERIA--TÉRMINO DE MATERIA | |
| Término de materia o nombre geográfico como elemento inicial | identidad cultural |
| 9 (RLIN) | 29870 |
| 650 #4 - ASIENTO SECUNDARIO DE MATERIA--TÉRMINO DE MATERIA | |
| Término de materia o nombre geográfico como elemento inicial | ética |
| 9 (RLIN) | 27324 |
| 650 #4 - ASIENTO SECUNDARIO DE MATERIA--TÉRMINO DE MATERIA | |
| Término de materia o nombre geográfico como elemento inicial | antropología social y cultural |
| 9 (RLIN) | 27254 |
| 650 #4 - ASIENTO SECUNDARIO DE MATERIA--TÉRMINO DE MATERIA | |
| Término de materia o nombre geográfico como elemento inicial | investigación interdisciplinaria |
| 9 (RLIN) | 28841 |
| 653 10 - TÉRMINO DE INDEXACIÓN--NO CONTROLADO | |
| Término no controlado | Ciencias Sociales-Políticas |
| 700 1# - ENCABEZAMIENTO SECUNDARIO--NOMBRE PERSONAL | |
| Nombre de persona | Tong, Rosemarie |
| Término indicativo de función | ed. lit. |
| 9 (RLIN) | 24996 |
| 700 1# - ENCABEZAMIENTO SECUNDARIO--NOMBRE PERSONAL | |
| Nombre de persona | Anderson, Gwen |
| Término indicativo de función | ed. lit. |
| 9 (RLIN) | 6265 |
| 700 1# - ENCABEZAMIENTO SECUNDARIO--NOMBRE PERSONAL | |
| Nombre de persona | Santos, Aida |
| Término indicativo de función | ed. lit. |
| 9 (RLIN) | 23472 |
| 902 ## - CES. TIPO DE DOCUMENTO | |
| Tipodoc (006$c Sirtex) | LIB Libro |
| 942 ## - ELEMENTOS KOHA | |
| Fuente de clasificaión o esquema | Clasificación propia del CES |
| Koha [por defecto] tipo de item | Monografías |
| Parte de clasificación | 7.0. |
| Número de registro | Signatura completa | Tipo de item de Koha |
|---|---|---|
| 042361 | DPT-8918 | Monografías |
